Pozycja Geographic Name
Liczba rekordów, w których użyto hasła: 1
001 - Numer kontrolny
- control field: 40492
003 - Identyfikator numeru kontrolnego
- control field: NUKAT
005 - Data i czas ostatniej modyfikacji
- control field: 20260424212933.0
008 - Dane kontrolne kodowane (40 znaków)
- fixed length control field: 050120n||azznnbabn |a ana |
010 ## - Numer kontrolny Biblioteki Kongresu
- numer kontrolny LC: p 2004404777
034 ## - CODED CARTOGRAPHIC MATHEMATICAL DATA
- Coordinates - westernmost longitude: E0323230
- Coordinates - easternmost longitude: E0323230
- Coordinates - northernmost latitude: N0565120
- Coordinates - southernmost latitude: N0565120
- Source: wikiped
035 ## - Numer systemowy
- numer systemowy: a10182494
035 ## - Numer systemowy
- numer systemowy: (PL)a0000001018249
040 ## - Instytucja sporządzająca rekord
- inst. przygot. dane do rek. khw: WA N
- język haseł przedmiotowych/tezaurus: DBN
- inst. wprow. rek. khw: WA N
043 ## - Kod obszaru geograficznego
- ISO code: RU
- ISO code: LV
- ISO code: BY
151 ## - Hasło - nazwa geograficzna
- nazwa geograficzna: Dźwina (rzeka)
368 ## - Other Attributes
- Juris type: Rzeki
451 ## - Trop zob. - nazwa geograficzna
- nazwa geograficzna: Daugava
451 ## - Trop zob. - nazwa geograficzna
- nazwa geograficzna: Düna
451 ## - Trop zob. - nazwa geograficzna
- nazwa geograficzna: Düne
451 ## - Trop zob. - nazwa geograficzna
- nazwa geograficzna: Zachodniaja Dzwina
451 ## - Trop zob. - nazwa geograficzna
- nazwa geograficzna: Zapadnaja Dwina
451 ## - Trop zob. - nazwa geograficzna
- nazwa geograficzna: Zapadnaja Dwvina
451 ## - Trop zob. - nazwa geograficzna
- nazwa geograficzna: Zapadnaya Dvina
550 ## - Trop zob. też - nazwa pospolita
- nazwa posp. lub nazwa geogr. na pocz.: Bitwa nad Dźwiną (1701)
551 ## - Trop zob. też - nazwa geograficzna
- podpole kontrolne: h
- nazwa geograficzna: Drujka (Białoruś ; rzeka)
551 ## - Trop zob. też - nazwa geograficzna
- podpole kontrolne: h
- nazwa geograficzna: Sertejka (Rosja ; potok)
551 ## - Trop zob. też - nazwa geograficzna
- podpole kontrolne: h
- nazwa geograficzna: Uła (Białoruś ; rzeka)
670 ## - Źródło informacji
- źródło informacji: Die Düna von der Ogermündung bis Riga und der Badeort Baldohn / Karl von Löwis of Menar. - Riga, 1910.
682 ## - Informacja o usuniętym haśle
- tekst wyjaśniający: zmienione z:
- zastąpione hasło: Dźwina